000 00612nam a2200205Ia 4500
003 GCL
008 140319s9999 xx 000 0 ara d
040 _aGCL /
_cGCL
082 0 4 _a956.609
_bك س
100 1 _aكريم بقرادونى
245 1 0 _aالسلام المفقود: عهد الياس سركيس 1982-1976 /
_cكريم بقرادونى
260 _a[S.N] :
_bعبر الشرق للمنشورات ،
_c1984
300 _a286 ص
490 _a
650 0 4 _aالعصر الحديث
650 0 4 _aتاريخ
650 0 4 _aلبنان
650 0 4 _aالحرب الاهلية
942 _2ddc
_cBK
999 _c29934
_d29934